| 000 | 00872nam a22002657a 4500 | ||
|---|---|---|---|
| 005 | 20201128021206.0 | ||
| 008 | 150209t2013 xxua frb 001 0 eng d | ||
| 020 | _a9780071315296 | ||
| 020 | _a0071315292 | ||
| 040 | _aEG-ScBUE | ||
| 082 | 0 | 0 |
_222 _a658 _bKIN |
| 100 | 1 |
_926114 _aKinicki, Angelo |
|
| 245 | 1 | 0 |
_aManagement : _ba practical introduction / _cAngelo Kinicki, Brian K. Williams. |
| 250 |
_a6th ed., _binternational student ed. |
||
| 260 |
_aNew York, United States : _bMcGraw-Hill / Irwin, _cc.2013. |
||
| 300 |
_a[Various pagings] : _bill. (col.) ; _c28 cm. |
||
| 500 | _aIncludes appendixes. | ||
| 500 | _aIncludes indexes. | ||
| 504 | _aIncludes bibliographical references. | ||
| 650 | 0 |
_9553 _aManagement |
|
| 653 |
_bBUSADM _cFebruary2015 |
||
| 655 |
_vreading book _934232 |
||
| 700 | 1 |
_934526 _aWilliams, Brian K., _d1938- |
|
| 942 |
_2ddc _k658 KIN |
||
| 999 |
_c18947 _d18919 |
||